Nantucket Memorial Airport Destinations (Nantucket, MA, USA) - Statistics

General Stats
  • This quiz has been taken 49 times
    23 since last reset
  • The average score is 9 of 15
Answer Stats
Airline Destination % Correct
Cape Air/JetBlue/Tailwind Air Boston
90%
Cape Air/Delta Connection/JetBlue New York (JFK)
90%
American Eagle/Delta Connection/JetBlue New York (LaGuardia)
90%
American Eagle/JetBlue Washington (National)
90%
United Express Newark
85%
American Eagle Charlotte
80%
American Eagle Philadelphia
80%
American Eagle/United Express Chicago (O'Hare)
70%
Cape Air/Nantucket Airlines Martha's Vineyard
60%
Cape Air/Nantucket Airlines Hyannis
55%
JetBlue/Tradewind Aviation White Plains
50%
Cape Air New Bedford
30%
Tradewind Aviation Teterboro
10%
Reliant Air Danbury
5%
Cape Air Norwood
0%
No matching quizzes found
Score Distribution
Percent of People with Each Score
Percentile by Number Answered
Your Score History
You have not taken this quiz since the last reset